[Event "KP junioru MKSS 2019"]
[Site "?"]
[Date "2019.06.16"]
[Round "6"]
[White "Klapuch, Dominik"]
[Black "Chwistek, Marek"]
[Result "0-1"]
[WhiteElo "1074"]
[BlackElo "1060"]
[PlyCount "98"]

1. e4 e5 2. Nf3 Nc6 3. Bb5 Nf6 4. d3 d6 5. c3 Bd7 6. O-O g6 7. Re1 Bg7 8. d4
Qe7 9. d5 Na5 10. Qe2 b6 11. h3 O-O 12. b4 Nb7 13. Qd3 Nh5 14. Bg5 f6 15. Be3
Nf4 16. Bxf4 exf4 17. Bxd7 Qxd7 18. Qd2 g5 19. Nd4 Rae8 20. Qe2 f5 21. Ne6 Rxe6
22. dxe6 Qxe6 23. exf5 Qxf5 24. Qe6+ Qf7 25. Qxf7+ Kxf7 26. a4 d5 27. Ra2 Nd6
28. Rae2 Bf6 29. Rd1 Ne4 30. f3 Nxc3 31. Nxc3 Bxc3 32. Rxd5 Bxb4 33. Rd7+ Kg6
34. Rxc7 a5 35. Rc6+ Kg7 36. Rxb6 Bc5+ 37. Kh1 Bxb6 38. Re5 Kf6 39. Rb5 Bf2 40.
Rd5 Re8 41. g4 fxg3 42. h4 gxh4 43. Rh5 Re1+ 44. Kg2 Rg1+ 45. Kh3 Rh1+ 46. Kg4
Ke6 47. Rxh7 g2 48. Rh6+ Kd5 49. Rh5+ Kc4 0-1

[Event "KP junioru MKSS 2019"]
[Site "?"]
[Date "2019.06.16"]
[Round "6"]
[White "Havel, Kristian"]
[Black "Mlynek, Stanislav"]
[Result "1-0"]
[WhiteElo "1644"]
[BlackElo "1559"]
[PlyCount "51"]

1. d4 Nf6 2. Bf4 d5 3. e3 Bf5 4. c4 e6 5. Qb3 b6 6. c5 bxc5 7. Qb7 Nbd7 8. Bxc7
Qc8 9. Ba6 Nb6 10. Qxc8+ Nxc8 11. Bb7 Kd7 12. Bg3 Nb6 13. Bxa8 Nxa8 14. Nf3 Bd6
15. Bxd6 Kxd6 16. Ne5 Rf8 17. Nc3 a6 18. f3 Nb6 19. g4 Bg6 20. Nxg6 hxg6 21.
dxc5+ Kxc5 22. Rc1 Kb4 23. Kf2 Nc4 24. b3 Nd6 25. Ne2 Ka3 26. Rc6 1-0

[Event "KP junioru MKSS 2019"]
[Site "?"]
[Date "2019.06.16"]
[Round "6"]
[White "Stefanik, Marek"]
[Black "Moravec, Hynek"]
[Result "1/2-1/2"]
[WhiteElo "1972"]
[BlackElo "1202"]
[PlyCount "50"]

1. e4 Nf6 2. e5 Nd5 3. d4 d6 4. c4 Nb6 5. exd6 cxd6 6. Nf3 g6 7. Nc3 Bg7 8. Be3
O-O 9. Rc1 e5 10. dxe5 dxe5 11. Qb3 Be6 12. Ng5 Nc6 13. Nxe6 fxe6 14. Rd1 Nd4
15. Bxd4 exd4 16. Ne4 Qh4 17. Bd3 Rac8 18. O-O Kh8 19. Ng3 Qe7 20. Rde1 Rc7 21.
Re4 Nd7 22. Qd1 Nc5 23. Rg4 a5 24. b3 Qd6 25. Ne4 Nxe4 1/2-1/2

[Event "KP junioru MKSS 2019"]
[Site "?"]
[Date "2019.06.16"]
[Round "6"]
[White "Raptis, Janis"]
[Black "Bohdal, Karel"]
[Result "1-0"]
[WhiteElo "1491"]
[BlackElo "1474"]
[PlyCount "57"]

1. c4 e6 2. d4 b6 3. Nc3 Nf6 4. e4 Bb4 5. Bg5 h6 6. Bxf6 Qxf6 7. e5 Bxc3+ 8.
bxc3 Qe7 9. Qf3 c6 10. Bd3 Bb7 11. Ne2 d6 12. Qg3 O-O 13. exd6 Qd7 14. c5 Ba6
15. O-O Bxd3 16. Qxd3 Qd8 17. Qc4 Nd7 18. Nf4 e5 19. Nd3 e4 20. Ne5 bxc5 21.
Nxd7 Qxd7 22. dxc5 Rfe8 23. Rfe1 Qf5 24. Rad1 Rad8 25. Qb4 Rd7 26. h3 Re5 27.
a4 Rxc5 28. Rxe4 Rxc3 29. Re8+ 1-0

[Event "KP junioru MKSS 2019"]
[Site "?"]
[Date "2019.06.16"]
[Round "7"]
[White "Gemsova, Tereza"]
[Black "Havel, Kristian"]
[Result "1-0"]
[WhiteElo "1477"]
[BlackElo "1644"]
[PlyCount "35"]

1. e4 c5 2. Nf3 Nc6 3. d4 cxd4 4. Nxd4 Nf6 5. Nc3 e5 6. Ndb5 d6 7. Na3 a6 8.
Bg5 Be7 9. Bxf6 Bxf6 10. Nd5 b5 11. c4 b4 12. Qa4 Bd7 13. Nxb4 Nd4 14. Qd1 Qa5
15. Qd2 Rb8 16. Nd3 Qa4 17. Be2 Bc6 18. Bd1 1-0

[Event "KP junioru MKSS 2019"]
[Site "?"]
[Date "2019.06.16"]
[Round "7"]
[White "Sakaev, Konstantin"]
[Black "Stefanik, Marek"]
[Result "0-1"]
[WhiteElo "1482"]
[BlackElo "1972"]
[PlyCount "68"]

1. e4 e5 2. Nf3 Nc6 3. d4 exd4 4. Nxd4 Bc5 5. Be3 Qf6 6. c3 Nge7 7. Bc4 Qg6 8.
Qf3 Ne5 9. Qe2 Qxg2 10. Rf1 Bxd4 11. Bxd4 Nxc4 12. Qxc4 Qxe4+ 13. Qe2 Qxe2+ 14.
Kxe2 Nf5 15. Rg1 Nxd4+ 16. cxd4 O-O 17. Nc3 c6 18. h4 d5 19. f4 Re8+ 20. Kf3
Bf5 21. Rg5 Be4+ 22. Nxe4 Rxe4 23. Rd1 Rae8 24. Re5 f6 25. Rxe8+ Rxe8 26. Rd3
g6 27. Re3 Rxe3+ 28. Kxe3 Kf7 29. b4 Ke6 30. a4 Kf5 31. Kf3 h6 32. b5 cxb5 33.
axb5 a5 34. bxa6 bxa6 0-1

[Event "KP junioru MKSS 2019"]
[Site "?"]
[Date "2019.06.16"]
[Round "7"]
[White "Mlynek, Stanislav"]
[Black "Chwistek, Marek"]
[Result "1-0"]
[WhiteElo "1559"]
[BlackElo "1060"]
[PlyCount "59"]

1. e4 c5 2. Nc3 Nc6 3. f4 e6 4. Bc4 Nf6 5. d3 d5 6. exd5 exd5 7. Bb3 Be7 8.
Nge2 Bg4 9. h3 Bh5 10. g4 Bxg4 11. hxg4 Nxg4 12. Ng3 Nf6 13. Nf5 O-O 14. Nxe7+
Nxe7 15. Qf3 Re8 16. Ne2 Nf5 17. c3 Qd6 18. Bd2 Rxe2+ 19. Qxe2 Re8 20. Qxe8+
Nxe8 21. O-O-O Nf6 22. Rdg1 b5 23. Rg5 Qe6 24. Re1 Qd7 25. Re5 g6 26. Rexf5 c4
27. Bc2 Qxf5 28. Rxf5 gxf5 29. dxc4 bxc4 30. Bxf5 1-0

[Event "KP junioru MKSS 2019"]
[Site "?"]
[Date "2019.06.16"]
[Round "7"]
[White "Bohdal, Karel"]
[Black "Palyza, Lukas"]
[Result "0-1"]
[WhiteElo "1474"]
[BlackElo "1341"]
[PlyCount "122"]

1. e4 c5 2. Bc4 Nc6 3. Nc3 g6 4. Nf3 Bg7 5. O-O Nf6 6. d4 cxd4 7. Nxd4 O-O 8.
Nxc6 dxc6 9. Be3 Qc7 10. Qe2 Ng4 11. g3 Qa5 12. Bd2 Qb4 13. a3 Qc5 14. b4 Qd4
15. Qd3 Rd8 16. Rad1 Qxd3 17. Bxd3 Ne5 18. Be1 Bh3 19. f4 Bxf1 20. fxe5 Bxd3
21. cxd3 Bxe5 22. Na4 Bd4+ 23. Kf1 b5 24. Nc5 Bxc5 25. bxc5 Rd7 26. Ke2 e5 27.
Bd2 f6 28. h4 h5 29. Bc3 Kf7 30. Rf1 Ke6 31. Bd2 f5 32. exf5+ gxf5 33. Bc3 Rg8
34. Rf3 Rg4 35. Re3 Rd5 36. d4 f4 37. gxf4 Rxf4 38. dxe5 Rxh4 39. Rf3 Rxe5+ 40.
Bxe5 Kxe5 41. Rg3 Ra4 42. Rd3 Rc4 43. Rd7 a5 44. Rh7 h4 45. Rh5+ Kd4 46. Rxh4+
Kxc5 47. Rh5+ Kb6 48. Kd3 Ra4 49. Kc2 Rxa3 50. Kb2 Rd3 51. Rh6 Kc5 52. Rh5+ Rd5
53. Rh6 b4 54. Kb3 Kb5 55. Rh8 a4+ 56. Kc2 Kc4 57. Rb8 b3+ 58. Kb2 Rd2+ 59. Kc1
Kc3 60. Ra8 b2+ 61. Kb1 Rd1+ 0-1

[Event "KP junioru MKSS 2019"]
[Site "?"]
[Date "2019.06.16"]
[Round "7"]
[White "Hubner, Lukas"]
[Black "Kucera, Tomas"]
[Result "1/2-1/2"]
[WhiteElo "1311"]
[BlackElo "2023"]
[PlyCount "52"]

1. e4 c5 2. d4 cxd4 3. c3 dxc3 4. Nxc3 Nc6 5. Bc4 e6 6. Nf3 Nge7 7. Be3 Ng6 8.
a3 a6 9. b4 b5 10. Bb3 Be7 11. O-O O-O 12. Ne2 Bb7 13. Ng3 Rc8 14. Rc1 Nge5 15.
h3 d6 16. Qe2 Qd7 17. Rfd1 h6 18. Bf4 Bf6 19. Nh5 Nxf3+ 20. Qxf3 Be7 21. Bxh6
Ne5 22. Qg3 Ng6 23. Bxg7 Rxc1 24. Rxc1 Rc8 25. Rxc8+ Qxc8 26. Bf6 Qc1+ 1/2-1/2

[Event "KP junioru MKSS 2019"]
[Site "?"]
[Date "2019.06.16"]
[Round "7"]
[White "Moravec, Hynek"]
[Black "Raptis, Janis"]
[Result "1/2-1/2"]
[WhiteElo "1202"]
[BlackElo "1491"]
[PlyCount "114"]

1. b3 d5 2. Bb2 Nc6 3. e3 e5 4. Bb5 Bd6 5. Nf3 Bg4 6. h3 Bxf3 7. Qxf3 Nf6 8. c4
dxc4 9. bxc4 e4 10. Qf5 O-O 11. Bxc6 bxc6 12. Bxf6 Qxf6 13. Qxf6 gxf6 14. Nc3
Be5 15. f4 Bxc3 16. dxc3 Rab8 17. O-O Rb2 18. Rfd1 Rfb8 19. g4 Re2 20. Rab1
Rxb1 21. Rxb1 Rxe3 22. Rb7 Rxc3 23. Rxc7 Rxc4 24. Rxa7 e3 25. Re7 Rc3 26. a4 c5
27. Kg2 c4 28. Kf3 Ra3 29. Rxe3 c3 30. Re8+ Kg7 31. Rc8 c2+ 32. Ke2 Rxa4 33.
Rxc2 Rxf4 34. Ke3 Rf1 35. Ke2 Rh1 36. Rc3 Rh2+ 37. Kf1 Kg6 38. Rf3 h6 39. Kg1
Ra2 40. Rf5 Re2 41. Kf1 Re5 42. Rf3 f5 43. Kg2 fxg4 44. hxg4 f6 45. Kg3 Ra5 46.
Kg2 Rg5 47. Rf4 h5 48. Kh3 hxg4+ 49. Rxg4 Kf5 50. Rxg5+ fxg5 51. Kg3 g4 52. Kg2
Kf4 53. Kf2 g3+ 54. Kg2 Kg4 55. Kg1 Kf3 56. Kf1 g2+ 57. Kg1 Kg3 1/2-1/2